Las pruebas en materia disciplinaria (Registro nro. 325793)

Detalles MARC
000 -ENCABEZADO
Número de control [NR] 01031nam a22002657a 4500
005 - FECHA Y HORA DE LA ÚLTIMA TRANSACCIÓN
control field 20251021073838.0
008 - DE LONGITUD FIJA DE DATOS DE ELEMENTOS - INFORMACIÓN GENERAL
Elementos de longitud fija [NR] 251021t ||||| |||| 00| 0 spa d
020 ## - NUMERO INTERNACIONAL NORMALIZADO PARA LIBROS [R]
Número Internacional Normalizado del libro [NR] 9789586768320
040 ## - FUENTE DE CATALOGACION [NR]
Agencia de catalogación original [NR] CO-BoUCM
Quien Cataloga David Moreno
Quien Clasifica David Moreno
041 ## - CODIGO DE IDIOMA [R]
Código de idioma para texto/pista de sonido o título separado [R] Español
100 1# - ASIENTO PRINCIPAL--NOMBRE PERSONAL [NR]
Nombre personal [NR] Ortiz Peralta, José Omar
ID Autoridad 187028
245 10 - MENCION DE TITULO [NR]
Título [NR] Las pruebas en materia disciplinaria
Mención de responsabilidad, etc. [NR] José Omar Ortiz Peralta y Jaime Mejía Ossman
250 ## - MENCION DE EDICION [NR]
Mención de edición [NR] 1a.Ed
260 ## - PUBLICACION, DISTRIBUCION, ETC. (PIE DE IMPRENTA) [R]
Lugar de publicación, distribución, etc. [R] Bogotá, Colombia
Nombre del editor, distribuidor, etc. [R] Doctrina y Ley
Fecha de publicación, distribución, etc. [R] 2023
300 ## - DESCRIPCION FISICA [R]
Extensión [R] 265 Páginas
490 1# - MENCION DE SERIE [R]
Mención de serie [R] Colección Temas Disciplinarios
500 ## - NOTA GENERAL [R]
Nota general [NR] Incluye referencias a la Ley 1952 de 2019, Ley 2094 de 2021 y Sentencia 030 de 2023.
650 14 - ASIENTO SECUNDARIO DE MATERIA - TERMINO TEMATICO [R]
Término temático o nombre geográfico como elemento de entrada [NR] Derecho disciplinario
Subdivisión geográfica [R] Colombia
9 (RLIN) 105425
650 14 - ASIENTO SECUNDARIO DE MATERIA - TERMINO TEMATICO [R]
Término temático o nombre geográfico como elemento de entrada [NR] Prueba (Derecho)
Subdivisión geográfica [R] Colombia
9 (RLIN) 31009
650 14 - ASIENTO SECUNDARIO DE MATERIA - TERMINO TEMATICO [R]
Término temático o nombre geográfico como elemento de entrada [NR] Procedimiento disciplinario
Subdivisión geográfica [R] Colombia
9 (RLIN) 185563
650 14 - ASIENTO SECUNDARIO DE MATERIA - TERMINO TEMATICO [R]
Término temático o nombre geográfico como elemento de entrada [NR] Administración pública
Subdivisión general [R] Aspectos jurídicos
9 (RLIN) 177292
700 1# - ASIENTO SECUNDARIO - NOMBRE PERSONAL [R]
Nombre personal [NR] Mejía Ossman, Jaime
9 (RLIN) 42309
942 ## - ELEMENTOS DE ENTRADA AGREGADOS (KOHA)
Sistema de clasificación DEWEY
Tema principal Derecho
Tipo de ítem principal el descrito en 300a Libro
Edición 1
Clasificación 347.06
Parte restante de la signatura top. O77p
Título oculto en OPAC No

No hay ítems disponibles.